000
00404nam a2200133 4500
999
_c
356238
_d
356238
082
_a
MSITE-01 KOM
100
_a
Komal Farooq
245
_a
Educating the-service teachers of educators as reflective practitioners
260
_a
Islamabad
_b
NUST-SEECS
_c
2017
300
_a
92p.
_e
CD includes
942
_2
ddc